Marketing, A Fresh Approach (Record no. 4035)

MARC details
005 - DATE AND TIME OF LATEST TRANSACTION
control field 20250614073650.0
020 ## - INTERNATIONAL STANDARD BOOK NUMBER
International Standard Book Number 0-330-26927-5
082 ## - DEWEY DECIMAL CLASSIFICATION NUMBER
Classification number LECT 658.8 MAX
100 ## - MAIN ENTRY--PERSONAL NAME
Author name MAXWELL, R. G.
245 ## - TITLE STATEMENT
Title Marketing, A Fresh Approach
260 ## - PUBLICATION, DISTRIBUTION, ETC.
Place of publication, distribution, etc. London,
Name of publisher, distributor, etc. Pan Books Ltd,
Date of publication, distribution, etc. 1983.
300 ## - PHYSICAL DESCRIPTION
Extent 315p.: ill.; figure.
Other physical details Index.
Dimensions 20cm.
942 ## - ADDED ENTRY ELEMENTS (KOHA)
Source of classification or shelving scheme Dewey Decimal Classification
Koha item type Books
Holdings
Date last seen Total checkouts Full call number Barcode Cost, replacement price Price effective from Koha item type Lost status Source of classification or shelving scheme Damaged status Not for loan Withdrawn status Home library Current library Shelving location Date acquired Cost, normal purchase price
06/14/2025   LECT 658.8 MAX 00000012996 30000.00 06/14/2025 Books   Dewey Decimal Classification       College of Business Education Main Library College of Business Education Main Library General Collection 06/14/2025 10000.00